000 00199nam a2200085 4500
001 1257327
005 20260211101331.0
245 _aSU ALTINA YOLCULUK
_cHEKİMOĞLU İSMAİL
260 _bTİMAŞ YAYINLARI
999 _c1257327
_d1257327